| 000 | 00996cab a22002175a 4500 | ||
|---|---|---|---|
| 001 | L146243 | ||
| 008 | 081217s2008 xxkad f 000 0 eng d | ||
| 035 | _a(Sirsi) u146243 | ||
| 041 | 0 | _aeng | |
| 100 | 1 | _aSaurin, Ruth | |
| 245 | 0 | 0 |
_aTomorrow's workplace _ba futures approach using prospective through scenarios |
| 260 | _c2008 | ||
| 490 | 0 |
_aJournal of Corporate Real Estate _v10(4) 2008, 243-262(19) |
|
| 520 | _aAims to show how to use a scenario planning futures approach in the workplace environment. Discusses the 'prospective through scenario' process for 'exploring and shaping the future' as developed at the Futures Academy at the Dublin Institute of Technology. Finds that the 'future studies' approach can deal effectively with change, uncertainty and complexity in the workplace. | ||
| 590 | _aKA | ||
| 651 | 4 |
_aUnited Kingdom _y |
|
| 690 | _aPROPERTY-COMMERCIAL PROPERTY-OFFICE PROPERTY-OFFICES | ||
| 700 | 1 | _aRatcliffe, John | |
| 700 | 1 | _aPuybaraud, Marie | |
| 942 | _n0 | ||
| 999 |
_c81098 _d81098 |
||